Statistics for French phrase translations

Click here to take the quiz!

General Stats

  • This quiz has been taken 1,796 times
  • The average score is 10 of 15

Answer Stats

HintAnswer% Correct
Bon anniversaireHappy birthday
96%
Je t'aimeI love you
95%
Tu parles en français?Do you speak french
92%
Je ne sais pasI don't know
89%
Quel âge as-tu?How old are you
88%
Je suis en retardI am late
76%
Je suis desoléI am sorry
76%
Je suis perduI am lost
70%
Allons-yLets go
70%
Oú est la gare?Where is the station
63%
J'ai finiI have finished
52%
Tu me manquesI miss you
52%
Il y a du soleilIt's sunny
43%
Je m'ennuieI'm bored
39%
Il y a du brouillardIt is foggy
18%

Score Distribution

Percentile by Number Answered

Percent of People with Each Score

Your Score History

You have not taken this quiz